Detroit:Become Human characters - Statistics

General Stats
  • This quiz has been taken 67 times
  • The average score is 10 of 10
Answer Stats
Description Character % Correct
A little girl on a quest for freedom and safety after being saved from her abusive father by the above. Alice
100%
An RK800 android, designed to assist human law enforcement. His task is to investigate cases involving deviant androids. Connor
100%
Lieutenant of the Detroit City Police Department. He holds a grudge against androids because of a trauma from the past. Hank
100%
An AX400 android protecting a little girl, and looking for a way to escape to Canada. Kara
100%
A TR400 android owned by an evil man. He turns against him and accompanies an android and a little girl from then on. Luther
98%
An RK200 android, who gets catapulted out of his familiar life and becomes the leader of the deviant revolution. Markus
97%
Celebrated old painter. Owner of the above Carl
93%
A WR400 android designed to be a sexual partner. She gains consciousness and becomes the lover of the leader of the revolution. North
92%
Scientist who invented androids. Founder and former CEO of CyberLife Kamski
90%
An RT600 android with long blonde hair and blue eyes. The first android model perfected by CyberLife. Chloe
86%
No matching quizzes found
Score Distribution
Percent of People with Each Score
Percentile by Number Answered
Your Score History
You have not taken this quiz